000 00755nam a22002177a 4500
003 DO-SdBNP
005 20211123142541.0
007 ta
008 211123b2017 a|||| |||| 000 0 spa d
040 _aDO-SdBNP
_bspa
_cBNPHU
082 4 _222
_a334.7293
_bC778e
110 1 _aCooperativa de ahorro, crédito y servicios múltiples de facilitadores, relacionados y empleados de la Universidad Abierta Para Adultos ( UAPA)
_980719
245 1 0 _aEstatuto 2016 /
260 _aSantiago, República Dominicana :
_bCOOPFREUAPA,
_c2017.
300 _a51 p. ;
_bil. ;
_c21 cm.
500 _aAl cuidado de Rafael Espinal.
590 _aInventariado, 2021 / SA
650 4 0 _98432
_aCooperativas
_xBancarias y de Ahorro
910 _aSaquino
942 _2ddc
_cLBS1
999 _c51024
_d51024